| 000 | nam a22 7a 4500 | ||
|---|---|---|---|
| 999 |
_c7478 _d7478 |
||
| 005 | 20190607060821.0 | ||
| 008 | 190607b xxu||||| |||| 00| 0 eng d | ||
| 020 |
_a9789710638918 _bpaperback |
||
| 040 |
_beng _cAPEC Schools Library _erda |
||
| 082 |
_aF 500.2 _bSa235e 2016 |
||
| 100 | _aSantiago, Karen S. | ||
| 245 |
_aPhysical science / _cKaren S. Santiago, _cAngelina A. Silverio |
||
| 264 |
_aQuezon City : _bPhoenix Publishing House, _c©2016. |
||
| 300 |
_a297 pages : _bcolored illustrations ; |
||
| 336 |
_2rdacontent _atext |
||
| 337 |
_2rdamedia _aunmediated |
||
| 338 |
_2rdacarrier _avolume |
||
| 600 | _aSilverio, Angelina A. | ||
| 650 | _aPhysical sciences. | ||
| 942 |
_2ddc _cNFIC |
||